000 01038nam a2200313 i 4500
003 DO-SdBNP
005 20250528132222.0
007 ta
008 241014s1998 dr c 000 0 spa d
040 _aDO-SdBNP
_bspa
_cBNPHU
_erda
082 _bH557
_222
100 _4aut.
_aHernández Rueda, Lupo,
_d1930-2017
_923790
_eautor
245 1 0 _aSobre la generación del 48 /
_cLupo Hernández Rueda
250 _a1a. edición
264 _aSanto Domingo :
_bEditorial Milenio,
_c1998.
300 _a40 páginas
_bretratos
_c21 cm.
336 _atexto
_btxt
_2rdacontent
337 _asin mediación
_bn
_2rdamedia
338 _avolumen
_bnc
_2rdacarrier
490 1 _aCuadernos caribeños
_v2
590 _aInventariado, 2024/ YL
650 4 _aTrabajo y trabajadores
_zRepública Dominicana
_97272
650 0 _aActividades obreras internacionales
_97273
650 0 _aSindicalismo
_97274
650 0 _aSindicatos
_xActividad política
_97275
650 4 _aGremios
_zRepública Dominicana
_97276
910 _aYLockward
942 _2ddc
_cLF2
999 _c57842
_d57842